市町村人口ランキング(道南) - Statistics

General Stats
  • This quiz has been taken 36 times
  • The average score is 27 of 38
Answer Stats
Hint 市町村 人口 % Correct
渡島 函館市 240,218
100%
後志 小樽市 106,507
94%
渡島 北斗市 43,660
94%
余市郡 余市町 17,222
90%
亀田郡 七飯町 27,544
87%
二海郡 八雲町 14,779
81%
岩内郡 岩内町 11,094
81%
松前郡 松前町 6,030
81%
虻田郡 倶知安町 16,505
77%
積丹郡 積丹町 1,770
77%
島牧郡 島牧村 1,286
77%
茅部郡 森町 13,865
74%
檜山郡 江差町 6,820
74%
岩内郡 共和町 5,430
74%
上磯郡 木古内町 3,644
74%
松前郡 福島町 3,467
74%
寿都郡 寿都町 2,694
74%
古平郡 古平町 2,656
74%
奥尻郡 奥尻町 2,269
74%
余市郡 赤井川村 1,353
74%
虻田郡 ニセコ町 5,481
71%
山越郡 長万部町 4,817
68%
上磯郡 知内町 3,898
68%
茅部郡 鹿部町 3,570
68%
古宇郡 泊村 1,464
68%
古宇郡 神恵内村 757
68%
久遠郡 せたな町 6,948
65%
瀬棚郡 今金町 4,623
65%
檜山郡 上ノ国町 4,254
65%
寿都郡 黒松内町 2,573
65%
虻田郡 留寿都村 2,036
65%
磯谷郡 蘭越町 4,496
61%
余市郡 仁木町 3,040
61%
爾志郡 乙部町 3,249
58%
虻田郡 京極町 2,800
58%
虻田郡 喜茂別町 1,957
58%
虻田郡 真狩村 1,952
58%
檜山郡 厚沢部町 3,405
55%
No matching quizzes found
Score Distribution
Percent of People with Each Score
Percentile by Number Answered
Your Score History
You have not taken this quiz